000
00301nam a22001337a 4500
008
170508b xxu||||| |||| 00| 0 eng d
020
_a
9780226306933
041
_a
eng
080
_a
34
100
_a
15
101
_a
SHJ
245
_a
THE FAILURE OF CORPORATE LAW
_c
GREENFIELD, K
942
_2
udc
_c
BK
999
_c
12974
_d
12974